Operating systems : (Record no. 348305)
[ view plain ]
| 000 -LEADER | |
|---|---|
| fixed length control field | 02046 a2200181 4500 |
| 020 ## - INTERNATIONAL STANDARD BOOK NUMBER | |
| International Standard Book Number | 9780201567014 (hardcover) |
| 020 ## - INTERNATIONAL STANDARD BOOK NUMBER | |
| International Standard Book Number | 9780201567014 (hardcover) |
| 082 04 - DEWEY DECIMAL CLASSIFICATION NUMBER | |
| Classification number | 005.43 |
| 090 ## - LOCALLY ASSIGNED LC-TYPE CALL NUMBER (OCLC); LOCAL CALL NUMBER (RLIN) | |
| -- | 5910 |
| -- | 5910 |
| 100 1# - MAIN ENTRY--PERSONAL NAME | |
| Personal name | Davis, William S. |
| 245 10 - TITLE STATEMENT | |
| Title | Operating systems : |
| Remainder of title | a systematic view / |
| Statement of responsibility, etc. | William S. Davis. |
| 250 ## - EDITION STATEMENT | |
| Edition statement | 4th ed. |
| 260 ## - PUBLICATION, DISTRIBUTION, ETC. | |
| Place of publication, distribution, etc. | [S.l.] : |
| Name of publisher, distributor, etc. | Addison-Wesley, |
| Date of publication, distribution, etc. | 1992. |
| 300 ## - PHYSICAL DESCRIPTION | |
| Extent | 672 p. ; |
| Dimensions | 24 cm. |
| 520 ## - SUMMARY, ETC. | |
| Summary, etc. | B> The fifth edition of Operating Systems: A Systematic View offers a practical and applied introduction to operating system concepts, aimed at people interested in using computers, operating systems, and networks. The authors take a "systematic view" of the subject, where they provide insight into what is going on beneath the surface instead of focusing so much on OS theory. The intent is to show why operating systems are needed and what, at a functional level, they do. The book features an engaging, reader-friendly presentation written at a pace and level appropriate for novices, and contains extensive illustrations to visually reinforce concepts. Readers are guided through some of today's most widely used operating systems, including Linux, UNIX, and Windows 2000. Also included is coverage of several modern topics and technologies, with chapters on the Windows interface, Intel Pentium architecture, and Windows internals, as well as a section on network operating systems with chapters on client/server networks, Windows 2000, Novell, and the Internet. This book is designed for people from non-technical fields and backgrounds who simply need to know how to interact with, rather than how to design, an operating system. It requires no background in programming and only a working knowledge of basic algebra. It will also be of interest to computer programmers, technical managers, and applied practitioners who want a practical and applied introduction to operating systems. |
| 856 40 - ELECTRONIC LOCATION AND ACCESS | |
| Materials specified | Amazon.com |
| Uniform Resource Identifier | <a href="http://www.amazon.com/exec/obidos/ASIN/0201567016/chopaconline-20">http://www.amazon.com/exec/obidos/ASIN/0201567016/chopaconline-20</a> |
| 942 ## - ADDED ENTRY ELEMENTS (KOHA) | |
| Institution code [OBSOLETE] | NBS |
| Koha item type | Book |
| Call number prefix | 005.43 DAV |
| Withdrawn status | Lost status | Damaged status | Not for loan | Permanent Location | Current Location | Shelving location | Date acquired | Total Checkouts | Full call number | Barcode | Date last seen | Date last checked out | Price effective from | Koha item type |
|---|---|---|---|---|---|---|---|---|---|---|---|---|---|---|
| Central Library (CL) | Central Library (CL) | First Floor - Operating System/ Data Structure | 08/28/2013 | 1 | 005.43 DAV | NBS4605 | 11/22/2017 | 07/19/2017 | 08/28/2013 | Book |
